Formula One Fernando Alonso Wins - Statistics

General Stats
  • This quiz has been taken 119 times
  • The average score is 29 of 32
Answer Stats
Hint Answer % Correct
2012 Europe
98%
2006 Spain
98%
2013 Spain
98%
2005 Europe
96%
2007 Europe
96%
2005 Germany
95%
2010 Germany
95%
2012 Germany
95%
2005 China
94%
2013 China
94%
2005 San Marino
94%
2005 France
93%
2003 Hungary
93%
2008 Singapore
93%
2010 Singapore
93%
2005 Bahrain
92%
2006 Bahrain
92%
2010 Bahrain
92%
2007 Italy
92%
2010 Italy
92%
2006 Japan
92%
2008 Japan
92%
2006 Monaco
92%
2007 Monaco
92%
2006 United Kingdom
92%
2011 United Kingdom
92%
2006 Australia
89%
2005 Malaysia
88%
2007 Malaysia
88%
2012 Malaysia
88%
2006 Canada
87%
2010 South Korea
72%
No matching quizzes found
Score Distribution
Percent of People with Each Score
Percentile by Number Answered
Your Score History
You have not taken this quiz